000 00198 a2200097 4500
001 78025
082 _a940.5421
_bRYA
090 _c39350
_d39350
100 _aRyan, C
245 _aA Bridge too Far
942 _aCAENUST
_k940.5421 RYA
999 _c313098
_d313098